| 000 | 00876cam a22002531 4500 | ||
|---|---|---|---|
| 001 | 753075 | ||
| 005 | 20090518100503.0 | ||
| 008 | 711012s1966 nyu |db 001 0 eng d | ||
| 010 | _a 66020745 | ||
| 040 |
_aDLC _cDLC _dDLC |
||
| 043 | _aa-is--- | ||
| 050 | 0 | 0 |
_aDS149 _b.S476 |
| 082 | 0 | 0 |
_a320.54095694 _222 _bSAN |
| 100 | 1 |
_aSanders, Ronald, _dd. 1991. _910520 |
|
| 245 | 1 | 0 |
_aIsrael: _bThe View from Masada/ _cRonald Sanders |
| 260 |
_aNew York: _bHarper & Row, 1966 _c1966 |
||
| 300 |
_aix, 310 p.; _c23 cm. |
||
| 500 | _aDonated by: Alaa Abdel Ghany | ||
| 500 | _aIncludes index | ||
| 650 | 0 |
_aZionism _xHistory. _910521 |
|
| 651 | 0 |
_aIsrael. _910522 |
|
| 942 |
_2ddc _cBB |
||
| 999 |
_c13173 _d13173 |
||